| 000 | 00961pam a2200301 i 4500 | ||
|---|---|---|---|
| 001 | 016151958 | ||
| 003 | OSt | ||
| 005 | 20201128021210.0 | ||
| 008 | 120815t2013 xxua frbd 001 0 eng d | ||
| 020 | _a9780078035326 (hardback) | ||
| 020 | _a0078035325 (hardback) | ||
| 020 | _a9780071318686 (paperback) | ||
| 020 | _a0071318682 (paperback) | ||
| 040 |
_aStDuBDS _beng _cStDuBDS _dUk _dEG-ScBUE |
||
| 082 | 0 | 0 |
_a155 _222 _bSAN |
| 100 |
_912856 _aSantrock, John W. |
||
| 245 | 1 | 0 |
_aLife-span development / _cJohn W. Santrock. |
| 250 |
_a14th ed., _binternational student ed. |
||
| 260 |
_aNew York, United states : _bMcGraw Hill, _cc.2013. |
||
| 300 |
_a[Various pagings] : _bill. (col.) ; _c28 cm. |
||
| 500 | _aIncludes glossary. | ||
| 500 | _aIncludes indexes. | ||
| 504 | _aIncludes bibliographical references. | ||
| 650 | 0 |
_aDevelopmental psychology _9952 |
|
| 653 |
_bNNUR _cFebruary2015 |
||
| 655 |
_vreading book _934232 |
||
| 942 |
_2ddc _k155 SAN |
||
| 999 |
_c18965 _d18937 |
||